Billboard All-Time Greatest Artists with Most Streamed Songs - Statistics

General Stats
  • This quiz has been taken 49 times
  • The average score is 79 of 125
Answer Stats
Most Streamed Song on Spotify as a LEAD SINGER Artist % Correct
Billie Jean (1.4B) Michael Jackson
100%
Here Comes The Sun - Remastered 2009 (1B) The Beatles
98%
All I Want for Christmas Is You (1.4B) Mariah Carey
96%
Bohemian Rhapsody - 2011 Remaster (2.1B) Queen
96%
In Da Club (1.1B) 50 Cent
93%
My Heart Will Go On - Love Theme from "Titanic" (451.7M) Céline Dion
91%
Can't Help Falling In Love (690.3M) Elvis Presley
89%
Together Again (129.5M) Janet Jackson
89%
Material Girl (339.5M) Madonna
89%
Purple Rain - 2015 Paisley Park Remaster (394.7M) Prince
89%
I Wanna Dance with Somebody (Who Loves Me) (967.6M) Whitney Houston
89%
It's Five O'Clock Somewhere (217.1M) Alan Jackson
87%
Toxic - Remastered (956.8M) Britney Spears
87%
Shape of You (3.5B) Ed Sheeran
87%
Lose Yourself (1.8B) Eminem
87%
Just Give Me a Reason (1B) P!nk/Pink
87%
Careless Whisper - Remastered (755M) George Michael
85%
Don't Stop Believin' (1.5B) Journey
85%
Blank Space (1.2B) Taylor Swift
85%
Someone Like You (1.6B) Adele
83%
Stayin Alive (818.6M) Bee Gees
83%
I Gotta Feeling (1.1B) Black Eyed Peas
80%
Hotel California - 2013 Remaster (1.3B) Eagles
80%
CAN'T STOP THE FEELING! (from DreamWorks Animation's "TROLLS") (1.5B) Justin Timberlake
80%
Dark Horse (1.1B) Katy Perry
80%
Every Breath You Take (1.5B) The Police
80%
With Or Without You - Remastered (848M) U2
80%
ANSWER: Barry Manilow Barry Manilow
78%
Halo (1.3B) Beyoncé
78%
Livin' On A Prayer (1.2B) Bon Jovi
78%
Cold Heart - PNAU Remix (1.5B) Elton John
78%
Sweet Child O' Mine (1.5B) Guns N' Roses
78%
Love Yourself (2.1B) Justin Bieber
78%
Shallow (2.1B) Lady Gaga
78%
ANSWER: Linda Ronstadt Linda Ronstadt
78%
Party In The U.S.A. (1.2B) Miley Cyrus
78%
ANSWER: Paula Abdul Paula Abdul
78%
Work (1.2B) Rihanna
78%
ANSWER: The Monkees The Monkees
78%
Paint It, Black (897.1M) The Rolling Stones
78%
Piano Man (710.3M) Billy Joel
76%
ANSWER: Garth Brooks Garth Brooks
76%
Superstition (528.5M) Stevie Wonder
76%
ANSWER: Three Dog Night Three Dog Night
76%
Dream On (859.1M) Aerosmith
74%
One Dance (2.6B) Drake
74%
Ni**as In Paris (1.1B) JAY-Z
74%
ANSWER: Peter, Paul and Mary Peter, Paul and Mary
74%
I Want It That Way (1.1B) Backstreet Boys
72%
ANSWER: Herb Alpert Herb Alpert
72%
September (1.3B) Earth, Wind & Fire
70%
Stairway to Heaven - Remaster (823.2M) Led Zeppelin
70%
In the Air Tonight - 2015 Remaster (576.6M) Phil Collins
70%
Another Brick in the Wall, Pt. 2 (718.1M) Pink Floyd
70%
ANSWER: Styx Styx
70%
Jump - 2015 Remaster (716.9M) Van Halen
70%
Dancing In the Dark (546.3M) Bruce Springsteen
67%
Take Me Home, Country Road (490.2M) John Denver
67%
Stronger (1.2B) Kanye West
67%
No Scrubs (819.8M) TLC
67%
Summer Of '69 (946.8M) Bryan Adams
65%
Dreams - 2018 Remaster (1.2B) Fleetwood Mac
65%
Sweet Caroline - Single Version (585.6M) Neil Diamond
65%
You Can Call Me Al (512.7M) Paul Simon
65%
Smooth (313.3M) Santana
65%
Before He Cheats (441.5M) Carrie Underwood
63%
Pour Some Sugar On Me - Remastered 2017 (347.6M) Def Leppard
63%
In the End (1.6B) Linkin Park
63%
All Night Long (All Night) - Single Version (338.7M) Lionel Richie
63%
Yeah! (1B) Usher
63%
Believe (471.2M) Cher
61%
Say My Name (678.2M) Destiny's Child
61%
Man! I Feel Like A Woman! (453M) Shania Twain
61%
Mrs. Robinson - From "The Graduate" Soundtrack (479.6M) Simon & Garfunkel
61%
Have You Ever Seen The Rain (1.1B) Creedence Clearwater Revival
59%
Hot Stuff - 12" Version (129.2M) Donna Summer
59%
Barracuda (356.2M) Heart
59%
Fire and Rain - 2019 Remaster (282.1M) James Taylor
59%
Wouldn't It Be Nice (449.3M) The Beach Boys
59%
Because of You (588.6M) Kelly Clarkson
57%
Memories (1.7B) Maroon 5
57%
Say a Little Prayer (487.6M) Aretha Franklin
54%
Knockin' On Heaven's Door (309.7M) Bob Dylan
54%
That's What I Like (1.6B) Bruno Mars
54%
How You Remind Me (762.8M) Nickelback
54%
You're The One That I Want - Remastered 2022 (464.3M) Olivia Newton-John
54%
Ain't No Mountain High Enough (999M) Marvin Gaye
52%
Wonderful Christmastime [Edited Version] - 2011 Remaster (403.5M) Paul McCartney
52%
I Want You Back (750.7M) The Jackson 5/The Jacksons
52%
You Can't Hurry Love (383.7M) The Supremes
52%
My Girl (725.1M) The Temptations
52%
Invisible Touch - 2007 Remaster (198.1M) Genesis
50%
Maggie May (286M) Rod Stewart
50%
Jack & Diane (320.8M) John Mellencamp
48%
Hit the Road Jack (239.2M) Ray Charles
48%
Old Time Rock & Roll (256.9M) Bob Seger
46%
You Make My Dreams (Come True) (778.9M) Daryl Hall & John Oates/Hall & Oates
46%
My Sweet Lord -2014 Remaster (434.3M) George Harrison
46%
Family Affair (347M) Mary J. Blige
46%
End Of The Road (262.8M) Boyz II Men/Boyz 2 Men/Boyz To Men
43%
If You Leave Me Now (344.3M) Chicago
43%
I Want to Know What Love Is - 2017 Remaster (636.9M) Foreigner
43%
If I Ain't Got You (824.6M) Alicia Keys
41%
I'm Still Waiting (237.6M) Diana Ross
41%
Wonderful Tonight (400.7M) Eric Clapton
41%
Dilemma (691.2M) Nelly
41%
It's Too Late (153.6M) Carole King
39%
(They Long To Be) Close To You (149.6M) Carpenters
39%
The Gambler (301.8M) Kenny Rogers
39%
No Guidance (905.4M) Chris Brown
37%
American Girl (296.2M) Tom Petty and the Heartbreakers
37%
It's the Most Wonderful Time of the Year (662.9M) Andy Williams
35%
The Power Of Love (353.2M) Huey Lewis & The News
35%
Conga (210.1M) Gloria Estefan
33%
Life Is A Highway - 2008 Remaster (535.3M) Rascal Flatts
33%
Ignition - Remix (573M) R. Kelly
33%
December, 1963 (Oh What a Night!) (383M) The Four Seasons/The 4 Seasons/Frankie Valli
33%
Listen to the Music (442.1M) The Doobie Brothers
30%
Woman in Love (142.6M) Barbra Streisand
28%
Sucker for Pain (1B) Lil Wayne
24%
My Chick Bad (150.1M) Ludacris
22%
How Am I Supposed to Live Without You (198.2M) Michael Bolton
22%
Easy (478.5M) Commodores
20%
Humble And Kind (211.4M) Tim McGraw
17%
American Kids (240.2M) Kenny Chesney
4%
No matching quizzes found
Score Distribution
Percent of People with Each Score
Percentile by Number Answered
Your Score History
You have not taken this quiz